| 000 | 01588nam0a2200349 i 4500 | ||
|---|---|---|---|
| 001 | RU\NLR\BIBL_A\012057613 | ||
| 005 | 20260406164249.0 | ||
| 010 |
_a9785080060670 _95000 |
||
| 021 |
_aRU _b2019-44319 _9КН-П-3242 |
||
| 035 | _a(RuMoRGB)010014099 | ||
| 035 | _a(NLR Aleph) 012057613 | ||
| 090 |
_a11685504 _c11685504 |
||
| 100 | _a20190712d2019 u y0rusy50 ca | ||
| 101 | 1 |
_arus _aeng _ceng |
|
| 102 | _aRU | ||
| 105 | _ay|||z|||000ay | ||
| 200 | 1 |
_aАлиса в Стране Чудес _dAlice's adventures in Wonderland _eсказка _eна русском и английском языках _e[для среднего школьного возраста] _fЛьюис Кэрролл _g[перевод с английского Ал. Ал. Щербакова _gиллюстрации Джона Тенниела] _zeng |
|
| 210 |
_aМосква _cДетская литература _d2019 |
||
| 215 |
_a284, [3] с. _cил. _d21 |
||
| 300 | _aТекст парал. на рус. и англ. яз. | ||
| 333 | _a12+ | ||
| 510 | 1 |
_6z77790 _aAlice's adventures in Wonderland _zeng |
|
| 686 | 0 | _aШ9(4Вл)62-4 | |
| 700 | 1 |
_7ca _8rus _aКэрролл _bЛ. _f1832-1898 _gЛьюис _3RU\NLR\AUTH\7710596 _9120364 |
|
| 702 | 1 |
_4040 _8rus _7ca _aТенниел _bД. _cхудожник _f1820-1914 _gДжон _3RU\NLR\AUTH\7794524 _977450 |
|
| 790 | 1 |
_7ba _8eng _aCarroll _bL. _f1832-1898 _gLewis _3RU\NLR\AUTH\7751710 _934643 |
|
| 942 | _cBOOK | ||
| 980 | _aNBR | ||